[Event "Online Olym Div2 C 2021"]
[Site "chess.com INT"]
[Date "2021.09.04"]
[Round "8.5"]
[Board "4"]
[White "Lahav, Michal"]
[Black "Ferreira, Ana Margarida"]
[Result "1-0"]
[WhiteTitle "WIM"]
[WhiteElo "2127"]
[BlackElo "1745"]
[WhiteTeam "Israel"]
[BlackTeam "Portugal"]
[WhiteFideId "2813742"]
[BlackFideId "1907000"]
[EventDate "2021.09.02"]
[EventType "team"]

1. e4 c5 2. Nc3 a6 3. f4 d6 4. Nf3 Nf6 5. a4 Nc6 6. Bc4 Bg4 7. O-O Nd4 8. Be2
Bxf3 9. Bxf3 Qc7 10. d3 e6 11. Be3 Be7 12. Kh1 O-O 13. Qd2 Rab8 14. Bxd4 cxd4
15. Ne2 e5 16. f5 Rfc8 17. Rac1 Qd7 18. b3 d5 19. g4 dxe4 20. dxe4 Ne8 21. g5 f6
22. g6 h6 23. Ng3 b5 24. axb5 Rxb5 25. Be2 Rb6 26. Bc4+ Kf8 27. Be6 Rxe6 28.
fxe6 Qxe6 29. Nf5 Rc3 30. Rfe1 Bb4 31. Qg2 a5 32. Rf1 Kg8 33. Ra1 Nd6 34. Nxd6
Qxd6 35. Ra2 Qc6 36. Rf2 Re3 37. Re2 Rc3 38. Qg4 d3 39. cxd3 Rc1+ 40. Kg2 Bc5
41. Kh3 Rg1 42. Qf5 Bb6 43. Rac2 Bc5 44. Rxc5 Qxc5 45. Qe6+ Kh8 46. Qe8+ 1-0

[Event "Online Olym Div2 C 2021"]
[Site "chess.com INT"]
[Date "2021.09.04"]
[Round "8.5"]
[Board "5"]
[White "Veiga, Jose Francisco R P Neves"]
[Black "Bronstein, Or"]
[Result "1/2-1/2"]
[WhiteTitle "FM"]
[BlackTitle "IM"]
[WhiteElo "2369"]
[BlackElo "2484"]
[WhiteTeam "Portugal"]
[BlackTeam "Israel"]
[WhiteFideId "1930087"]
[BlackFideId "2815770"]
[EventDate "2021.09.02"]
[EventType "team"]

1. e4 c5 2. Nf3 Nc6 3. d4 cxd4 4. Nxd4 Nf6 5. Nc3 e5 6. Ndb5 d6 7. Bg5 a6 8. Na3
b5 9. Nd5 Be7 10. Bxf6 Bxf6 11. c4 b4 12. Nc2 O-O 13. h4 a5 14. b3 Be6 15. g3
Be7 16. Bh3 Qb8 17. Kf1 Bd8 18. Kg2 Bb6 19. Bf5 Bc5 20. Qh5 h6 21. Qg4 Bxd5 22.
exd5 Nd4 23. Nxd4 Bxd4 24. Rae1 a4 25. h5 axb3 26. axb3 Ra2 27. Re2 Rxe2 28.
Qxe2 Qa7 29. Qf3 Qe7 30. Qg4 Qf6 31. Rd1 Ra8 32. Rd3 Ra2 33. Rf3 Qg5 34. Qh3 Ra1
35. Bg6 fxg6 36. Qe6+ Kh7 37. Rf8 gxh5 38. Qe8 Rg1+ 39. Kxg1 Qxg3+ 40. Kf1 Qd3+
41. Kg2 Qe4+ 42. Kf1 Qd3+ 43. Kg2 Qe4+ 44. Kf1 Qb1+ 45. Kg2 Qe4+ 1/2-1/2

[Event "Online Olym Div2 C 2021"]
[Site "chess.com INT"]
[Date "2021.09.04"]
[Round "8.5"]
[Board "6"]
[White "Katkov, Michelle"]
[Black "Silva, Ana Ines Teixeira Da"]
[Result "1-0"]
[WhiteTitle "WFM"]
[BlackTitle "WCM"]
[WhiteElo "2051"]
[BlackElo "1804"]
[WhiteTeam "Israel"]
[BlackTeam "Portugal"]
[WhiteFideId "2816393"]
[BlackFideId "1932543"]
[EventDate "2021.09.02"]
[EventType "team"]

1. e4 Nf6 2. e5 Nd5 3. d4 d6 4. Nf3 dxe5 5. Nxe5 Nc6 6. Nxc6 bxc6 7. c4 Nb6 8.
Be2 e6 9. O-O Be7 10. Nc3 O-O 11. Be3 Bb7 12. Qc2 Nd7 13. Bd3 g6 14. Bh6 Re8 15.
Ne4 Nf6 16. Nc5 Rb8 17. Rad1 Ng4 18. Nxb7 Rxb7 19. Bc1 Qb8 20. Be4 Rb6 21. c5
Ra6 22. Qe2 Nf6 23. Qxa6 Nxe4 24. Qxc6 Nf6 25. Bg5 Nd5 26. Bxe7 Nxe7 27. Qa4 Rd8
28. b4 c6 29. Rfe1 Qc7 30. Qb3 Nd5 31. a4 a6 32. Qc4 Rb8 33. Rb1 Qb7 34. Re2
Nxb4 35. a5 Qb5 36. Qxb5 Rxb5 37. Reb2 Nd5 38. Rxb5 cxb5 39. Kf1 Kf8 40. Rb3 Ke7
41. Ke2 Kd7 42. g4 Nf4+ 43. Kf3 g5 44. h4 h6 45. hxg5 hxg5 46. Ke4 Kc6 47. Ke5
Nd5 48. Rf3 b4 49. Rxf7 Nc7 50. Rf3 Kb5 51. Kd6 Nd5 52. Kxe6 Nc3 53. Rf8 Kxa5
54. c6 b3 55. c7 b2 56. c8=Q b1=Q 57. Qxc3+ Ka4 58. Qc4+ Ka3 59. Qxa6+ 1-0

[Event "Online Olym Div2 C 2021"]
[Site "chess.com INT"]
[Date "2021.09.04"]
[Round "9.1"]
[Board "1"]
[White "Nabaty, Tamir"]
[Black "Fedorov, Alexei"]
[Result "1/2-1/2"]
[WhiteTitle "GM"]
[BlackTitle "GM"]
[WhiteElo "2638"]
[BlackElo "2532"]
[WhiteTeam "Israel"]
[BlackTeam "Belarus"]
[WhiteFideId "2809052"]
[BlackFideId "13500465"]
[EventDate "2021.09.02"]
[EventType "team"]

1. d4 c5 2. d5 g6 3. e4 Bg7 4. Nc3 d6 5. Nf3 Nf6 6. h3 O-O 7. a4 e6 8. Be2 exd5
9. exd5 Na6 10. O-O Nb4 11. Bf4 Bf5 12. Rc1 Ne4 13. Nxe4 Bxe4 14. c3 Nxd5 15.
Bg3 Bh6 16. Nd2 Bf5 17. Bf3 Nf6 18. Bh4 d5 19. c4 Bd3 20. Re1 dxc4 21. Rc3 Qd4
22. Bxf6 Qxf6 23. Nxc4 Bxc4 24. Rxc4 Qxb2 25. Rxc5 Rfe8 26. Rc7 Qb4 27. Rf1 Re7
28. Rxe7 Qxe7 29. Re1 Qc7 30. Qd5 Rb8 31. Qe5 Qxe5 32. Rxe5 Bf8 33. Rd5 Be7 34.
Rd7 Kf8 1/2-1/2

[Event "Online Olym Div2 C 2021"]
[Site "chess.com INT"]
[Date "2021.09.04"]
[Round "9.1"]
[Board "2"]
[White "Nikitenko, Mihail"]
[Black "Roiz, Michael"]
[Result "0-1"]
[WhiteTitle "IM"]
[BlackTitle "GM"]
[WhiteElo "2501"]
[BlackElo "2580"]
[WhiteTeam "Belarus"]
[BlackTeam "Israel"]
[WhiteFideId "13506862"]
[BlackFideId "2804158"]
[EventDate "2021.09.02"]
[EventType "team"]

1. e4 c5 2. Nf3 Nc6 3. d4 cxd4 4. Nxd4 e5 5. Nb5 d6 6. N1c3 a6 7. Na3 Be6 8. Be3
Nf6 9. Nc4 Be7 10. Nb6 Rb8 11. Be2 O-O 12. O-O Nd7 13. Nxd7 Qxd7 14. Nd5 Bd8 15.
Nb6 Bxb6 16. Bxb6 Ne7 17. Be3 d5 18. Bc5 Rfd8 19. Qd3 Ng6 20. exd5 Bxd5 21. Be3
Qc7 22. Qc3 Qxc3 23. bxc3 Be4 24. Rab1 Bxc2 25. Rb4 Bd3 26. Bxd3 Rxd3 27. c4 Ne7
28. Rfb1 Rd7 29. g3 Nc6 30. Rb6 Na5 31. c5 Rc8 32. Kg2 f6 33. R1b4 Rcc7 34. Kf3
Nc6 35. Rb2 Ne7 36. Ke4 Kf7 37. Rd6 Ke8 38. g4 Nc8 39. Rxd7 Rxd7 40. f4 exf4 41.
Bxf4 Kf7 42. h4 Ke6 43. h5 Na7 44. Rb6+ Nc6 45. Bd6 g6 46. Rb2 Na7 47. a4 Nc6
48. hxg6 hxg6 49. Rh2 Ne5 50. Re2 Nxg4 51. Kf4+ Ne5 52. Bxe5 g5+ 0-1

[Event "Online Olym Div2 C 2021"]
[Site "chess.com INT"]
[Date "2021.09.04"]
[Round "9.1"]
[Board "3"]
[White "Shvayger, Yuliya"]
[Black "Tarasenka, Aliaksandra"]
[Result "1/2-1/2"]
[WhiteTitle "IM"]
[BlackTitle "WFM"]
[WhiteElo "2351"]
[BlackElo "2124"]
[WhiteTeam "Israel"]
[BlackTeam "Belarus"]
[WhiteFideId "14100126"]
[BlackFideId "13514288"]
[EventDate "2021.09.02"]
[EventType "team"]

1. e4 c5 2. Nf3 e6 3. c4 Nc6 4. Nc3 Nd4 5. Bd3 g6 6. b3 Bg7 7. Bb2 a6 8. Nxd4
cxd4 9. Ne2 Qb6 10. Qc2 d6 11. Ba3 Ne7 12. c5 dxc5 13. Bxc5 Qd8 14. f4 O-O 15.
O-O b6 16. Bxe7 Qxe7 17. e5 Bb7 18. Rac1 Rac8 19. Qb2 f6 20. Rxc8 Rxc8 21. Qxd4
fxe5 22. Qxb6 Rd8 23. Bxa6 Bxa6 24. Qxa6 Rxd2 25. Qa8+ Bf8 26. Qe4 Rxa2 27. fxe5
Qa7+ 28. Kh1 Ra1 29. Qf3 Rxf1+ 30. Qxf1 Qe3 31. Qf3 Qxe5 32. h4 Bd6 33. g3 Kg7
34. Kg2 h5 35. Qb7+ Kh6 36. Qf3 Kg7 37. Qd3 Kf6 38. Nc3 Ke7 39. Ne4 Qb2+ 40. Kh3
Be5 41. Nd2 Qd4 42. Qxd4 Bxd4 43. Kg2 Kd6 44. Kf3 Kc5 45. Ke4 Bf2 46. Nf1 Kd6
47. Kf4 Ke7 48. b4 Kf6 49. b5 e5+ 50. Ke4 g5 51. Ne3 gxh4 52. gxh4 Ke6 53. b6
Kd6 54. Nc4+ Kc6 55. Nxe5+ Kxb6 56. Nf3 Bxh4 57. Nxh4 Kc6 58. Kf5 Kc5 59. Kg5
Kc4 60. Kxh5 1/2-1/2

[Event "Online Olym Div2 C 2021"]
[Site "chess.com INT"]
[Date "2021.09.04"]
[Round "9.1"]
[Board "4"]
[White "Ilyuchyk, Yana"]
[Black "Klinova, Masha"]
[Result "1-0"]
[WhiteTitle "WFM"]
[BlackTitle "IM"]
[WhiteElo "2170"]
[BlackElo "2263"]
[WhiteTeam "Belarus"]
[BlackTeam "Israel"]
[WhiteFideId "13508407"]
[BlackFideId "2802015"]
[EventDate "2021.09.02"]
[EventType "team"]

1. e4 d6 2. d4 Nf6 3. Nc3 e5 4. Nf3 Nbd7 5. Bc4 Be7 6. O-O O-O 7. Re1 c6 8. a4
h6 9. Ba2 b6 10. h3 a6 11. Nh4 exd4 12. Qxd4 Nc5 13. Ng6 Re8 14. Nxe7+ Qxe7 15.
Bf4 d5 16. exd5 Qxe1+ 17. Rxe1 Rxe1+ 18. Kh2 Bb7 19. dxc6 Bxc6 20. Bxh6 Rc8 21.
Qd2 Ra1 22. Qg5 Ne8 23. Bxf7+ Kxf7 24. Qf5+ Kg8 25. Qxc8 Bd7 26. Qa8 gxh6 27. b4
Ne6 28. Qxa6 Nf6 29. Qxb6 Kf7 30. a5 Rc1 31. a6 Ne8 32. Qb7 N8c7 33. a7 Rxc2 34.
a8=Q Nxa8 35. Qxd7+ Kf6 36. Ne4+ Ke5 37. f3 Nb6 38. Qd6+ 1-0

[Event "Online Olym Div2 C 2021"]
[Site "chess.com INT"]
[Date "2021.09.04"]
[Round "9.1"]
[Board "5"]
[White "Bronstein, Or"]
[Black "Lazavik, Denis"]
[Result "1/2-1/2"]
[WhiteTitle "IM"]
[BlackTitle "IM"]
[WhiteElo "2484"]
[BlackElo "2440"]
[WhiteTeam "Israel"]
[BlackTeam "Belarus"]
[WhiteFideId "2815770"]
[BlackFideId "13515110"]
[EventDate "2021.09.02"]
[EventType "team"]

1. Nf3 d5 2. g3 c6 3. Bg2 Bf5 4. O-O e6 5. Nh4 Bg4 6. h3 Bh5 7. d3 Be7 8. Nf3
Nd7 9. Qe1 Bxf3 10. Bxf3 h5 11. Bg2 Qc7 12. e4 dxe4 13. Qxe4 Ngf6 14. Qe2 O-O-O
15. Nc3 Bd6 16. Bg5 h4 17. Bxh4 Rxh4 18. gxh4 Rh8 19. Ne4 Rxh4 20. Nxd6+ Qxd6
21. Qe3 g5 22. Rad1 Rh8 23. Qg3 Qe7 24. Qxg5 Rg8 25. Qh4 Ne5 26. Kh1 Ng6 27. Qa4
Kb8 28. Rde1 Rh8 29. Re3 Rh4 30. Qa5 Nd5 31. Rg3 Ndf4 32. Qg5 f6 33. Qa5 b6 34.
Qd2 Qh7 35. Kg1 Nxg2 36. Rxg2 Rxh3 37. f4 Rh1+ 38. Kf2 Qh4+ 39. Ke2 Rxf1 40.
Kxf1 Nxf4 41. Rg8+ Kb7 42. Qf2 Qh1+ 43. Rg1 Qh6 44. Qg3 Ka6 45. d4 Nd5 46. Qd3+
Kb7 47. c4 Qf4+ 48. Ke2 Qh2+ 49. Kf1 Qf4+ 50. Ke1 Qc1+ 51. Kf2 Qf4+ 52. Ke2 Qh2+
53. Kf1 Qf4+ 1/2-1/2

[Event "Online Olym Div2 C 2021"]
[Site "chess.com INT"]
[Date "2021.09.04"]
[Round "9.1"]
[Board "6"]
[White "Zeliantsova, Kseniya"]
[Black "Katkov, Michelle"]
[Result "0-1"]
[WhiteTitle "WFM"]
[BlackTitle "WFM"]
[WhiteElo "2056"]
[BlackElo "2051"]
[WhiteTeam "Belarus"]
[BlackTeam "Israel"]
[WhiteFideId "13512617"]
[BlackFideId "2816393"]
[EventDate "2021.09.02"]
[EventType "team"]

1. e4 e5 2. Nf3 Nc6 3. Bb5 a6 4. Ba4 Nf6 5. d3 b5 6. Bb3 Bc5 7. O-O O-O 8. c3 d6
9. Re1 h6 10. h3 Bb6 11. d4 Bb7 12. Bc2 exd4 13. cxd4 Nb4 14. Nc3 Nxc2 15. Qxc2
Re8 16. a3 Qe7 17. d5 Nd7 18. Be3 Bxe3 19. Rxe3 Ne5 20. Nd4 Rac8 21. Rg3 Ng6 22.
Nf5 Qf6 23. h4 h5 24. Qd1 c6 25. dxc6 Bxc6 26. Qxd6 Re6 27. Qd3 Bxe4 28. Nxe4
Qxf5 29. Ng5 Qxd3 30. Rxd3 Re2 31. Rad1 f6 32. Rd8+ Rxd8 33. Rxd8+ Nf8 34. Kf1
Re7 35. Nf3 Rc7 36. Nd4 Rc1+ 37. Ke2 Kf7 38. Ra8 Rb1 39. b3 Ra1 40. Rxa6 Ra2+
41. Ke3 Ng6 42. Ra7+ Kg8 43. Nf5 Ne5 44. Rxg7+ Kf8 45. f3 Rxa3 46. Rb7 Rxb3+ 47.
Kd4 Rb2 48. Ne3 b4 49. Kd5 Re2 50. Nf5 Nd3 51. g4 hxg4 52. fxg4 Re5+ 53. Kd4 Nf2
54. Rxb4 Re4+ 55. Kc5 Nd3+ 56. Kd5 Rxb4 57. g5 fxg5 58. hxg5 Rb5+ 59. Ke6 Nf4+
60. Kf6 Rb6+ 61. Ke5 Ng6+ 62. Ke4 Re6+ 63. Kf3 Ne5+ 64. Kf4 Ng6+ 65. Kg4 Kf7 66.
Kh5 Re5 67. Ng3 Kg7 68. Kg4 Ne7 69. Nh5+ Kh7 70. Kf4 Ra5 71. Kg4 Ra4+ 0-1

[Event "Online Olym Div2 C 2021"]
[Site "chess.com INT"]
[Date "2021.09.04"]
[Round "9.2"]
[Board "1"]
[White "Agrest, Evgenij"]
[Black "Martins, David Pires Tavares"]
[Result "1-0"]
[WhiteTitle "GM"]
[BlackTitle "IM"]
[WhiteElo "2568"]
[BlackElo "2398"]
[WhiteTeam "Sweden"]
[BlackTeam "Portugal"]
[WhiteFideId "1705024"]
[BlackFideId "1909991"]
[EventDate "2021.09.02"]
[EventType "team"]

1. Nf3 e6 2. c4 Nf6 3. b3 Be7 4. Bb2 O-O 5. e3 b6 6. Rg1 d6 7. g4 e5 8. g5 Ne4
9. h4 Re8 10. Bg2 Bb7 11. b4 d5 12. Nxe5 Bxb4 13. f4 Nc6 14. Nxf7 Kxf7 15. Qh5+
Kg8 16. g6 hxg6 17. Qxg6 Qxh4+ 18. Kd1 Qh7 19. Qxh7+ Kxh7 20. cxd5 Na5 21. Bxe4+
Rxe4 22. Rxg7+ Kh6 23. Rg5 Ree8 24. Bg7+ Kh7 25. f5 Bxd5 26. f6 Rad8 27. Kc1 Bf7
28. Rg4 Nc4 29. a3 Ba5 30. Kc2 Bxd2 31. Rxc4 Bxc4 32. Nxd2 Bd3+ 33. Kb2 Rxe3 34.
Rg1 Bg6 35. Rh1+ Bh5 36. Rxh5+ Kg6 37. Rh2 Rde8 38. Rf2 Re2 39. f7 Rxd2+ 40.
Rxd2 Kxf7 41. Bh6 Ke6 42. Bf4 Rc8 43. Kb3 a6 44. Kc4 Ke7 45. Re2+ Kd7 46. Kd5
Rf8 47. Be5 Rf3 48. Bb2 Rd3+ 49. Kc4 Rd1 50. Rh2 Kc6 51. Rh7 Rd7 52. Rh6+ Kb7
53. Bd4 Rf7 54. Rh3 Re7 55. Bf6 Re6 56. Bg5 Re4+ 57. Kd5 Ra4 58. Bf6 b5 59. Be7
Rc4 60. Bc5 Rc1 61. Rh7 Rd1+ 62. Bd4 Rc1 63. Rf7 Rc2 64. Rf1 Rd2 65. Rc1 Rd3 66.
Ra1 a5 67. Kc5 Ka6 68. Be5 Rd7 69. Rh1 Re7 70. Rh6+ Kb7 71. Bd4 b4 72. a4 Rf7
73. Kb5 Rf5+ 74. Bc5 Rg5 75. Rh1 Rf5 76. Rc1 b3 77. Rb1 Rf3 78. Kxa5 Kc6 79. Ba7
Kd5 80. Kb4 Kc6 81. Bd4 Kb7 82. Bc3 Ka6 83. Kxb3 Rf4 84. Re1 c6 85. Re6 Kb7 86.
Bd2 Rg4 87. Be3 Rh4 88. Re7+ Kb8 89. Bb6 Rh1 90. a5 Rd1 91. Kc4 Kc8 92. a6 Rc1+
93. Kd3 Rd1+ 94. Kc2 Ra1 95. a7 c5 96. Rc7+ Kd8 97. Rb7+ 1-0

[Event "Online Olym Div2 C 2021"]
[Site "chess.com INT"]
[Date "2021.09.04"]
[Round "9.2"]
[Board "2"]
[White "Fidalgo, Andre Neves"]
[Black "Blomqvist, Erik"]
[Result "0-1"]
[BlackTitle "GM"]
[WhiteElo "2263"]
[BlackElo "2536"]
[WhiteTeam "Portugal"]
[BlackTeam "Sweden"]
[WhiteFideId "1933620"]
[BlackFideId "1709437"]
[EventDate "2021.09.02"]
[EventType "team"]

1. d4 Nf6 2. c4 e6 3. g3 Bb4+ 4. Nd2 c5 5. dxc5 Bxc5 6. Ngf3 Qb6 7. e3 O-O 8.
Bg2 Qc7 9. O-O b6 10. a3 Bb7 11. b4 Be7 12. Bb2 d6 13. Rc1 Nbd7 14. Nd4 Bxg2 15.
Kxg2 Ne5 16. Qe2 Qb7+ 17. f3 Rfc8 18. e4 a6 19. h3 Rc7 20. Kh2 Re8 21. f4 Ng6
22. Qd3 Bf8 23. N4f3 Nd7 24. Rfd1 Rec8 25. Nb3 Be7 26. Qe2 Bf6 27. Bxf6 Nxf6 28.
Rxd6 Nxe4 29. Rd4 Nf6 30. Rcd1 h6 31. c5 Nd5 32. Qd3 Nge7 33. Ne5 a5 34. cxb6
Rc3 35. Nxa5 Qxb6 36. Qe4 Rxa3 37. Qb1 Qa6 38. Nec4 Ra4 39. Ne5 Nf5 40. Rxd5
Qe2+ 41. Kg1 Ra2 0-1

[Event "Online Olym Div2 C 2021"]
[Site "chess.com INT"]
[Date "2021.09.04"]
[Round "9.2"]
[Board "3"]
[White "Cramling, Pia"]
[Black "Silva, Mariana Sofia T."]
[Result "1/2-1/2"]
[WhiteTitle "GM"]
[BlackTitle "WCM"]
[WhiteElo "2455"]
[BlackElo "1933"]
[WhiteTeam "Sweden"]
[BlackTeam "Portugal"]
[WhiteFideId "1700030"]
[BlackFideId "1911899"]
[EventDate "2021.09.02"]
[EventType "team"]

1. Nf3 Nf6 2. c4 g6 3. Nc3 Bg7 4. e4 d6 5. d4 O-O 6. h3 c5 7. Be3 cxd4 8. Nxd4
Nc6 9. Be2 Nxd4 10. Bxd4 Bd7 11. O-O Bc6 12. Qc2 Qc7 13. Rac1 Rfc8 14. b4 a6 15.
Qd3 b5 16. c5 dxc5 17. Bxc5 Qb7 18. Bf3 Nd7 19. Nd5 Nxc5 20. bxc5 Rd8 21. Qc2 a5
22. Rfd1 e6 23. Nb6 Rab8 24. Rxd8+ Rxd8 25. Rd1 Bf6 26. Rd3 Be7 27. Ra3 a4 28.
Re3 Rd4 29. Qc3 Rd8 30. g3 Qc7 31. Re1 Bb7 32. Rc1 Bc6 33. h4 h5 34. Bg2 Bf8 35.
f4 Bg7 36. e5 Bxg2 37. Kxg2 Qc6+ 38. Kh3 Bf8 39. Qe3 Be7 40. Qc3 Bf8 41. Qe3 Be7
42. Qc3 Bf8 1/2-1/2

[Event "Online Olym Div2 C 2021"]
[Site "chess.com INT"]
[Date "2021.09.04"]
[Round "9.2"]
[Board "4"]
[White "Ferreira, Ana Margarida"]
[Black "Frisk, Ellinor"]
[Result "0-1"]
[BlackTitle "WIM"]
[WhiteElo "1745"]
[BlackElo "2176"]
[WhiteTeam "Portugal"]
[BlackTeam "Sweden"]
[WhiteFideId "1907000"]
[BlackFideId "1708481"]
[EventDate "2021.09.02"]
[EventType "team"]

1. e4 c5 2. Nc3 g6 3. d4 cxd4 4. Qxd4 Nf6 5. Nf3 Nc6 6. Qa4 d6 7. e5 dxe5 8.
Nxe5 Qd4 9. Nxc6 Qxa4 10. Nxa4 bxc6 11. Be3 Bf5 12. O-O-O Nd5 13. Bd4 f6 14. Bd3
Bxd3 15. Rxd3 e5 16. Bc5 Kf7 17. g3 Bh6+ 18. Kb1 e4 19. Rb3 Rhb8 20. Rxb8 Rxb8
21. b3 a6 22. c4 Ne7 23. Rd1 Ke8 24. Bxe7 Kxe7 25. Nc5 Rd8 26. Rxd8 Kxd8 27.
Nxa6 Bf8 28. b4 Kc8 29. a4 Kb7 30. b5 c5 31. Kc2 Bd6 32. Kd2 f5 33. Ke3 Kb6 34.
f3 exf3 35. Kxf3 g5 36. h3 h6 37. Kg2 Ka5 38. Kf3 Kxa4 39. g4 f4 40. Ke4 Ka5 41.
Kd5 f3 42. Nxc5 Bxc5 43. Kxc5 f2 44. Kc6 f1=Q 45. b6 Qxc4+ 46. Kd7 0-1

[Event "Online Olym Div2 C 2021"]
[Site "chess.com INT"]
[Date "2021.09.04"]
[Round "9.2"]
[Board "5"]
[White "Seo, Jung Min"]
[Black "Veiga, Jose Francisco R P Neves"]
[Result "1/2-1/2"]
[WhiteTitle "IM"]
[BlackTitle "FM"]
[WhiteElo "2469"]
[BlackElo "2369"]
[WhiteTeam "Sweden"]
[BlackTeam "Portugal"]
[WhiteFideId "1734687"]
[BlackFideId "1930087"]
[EventDate "2021.09.02"]
[EventType "team"]

1. e4 e5 2. Nf3 Nc6 3. Bb5 a6 4. Ba4 Nf6 5. O-O Be7 6. Re1 b5 7. Bb3 d6 8. c3
O-O 9. h3 Nb8 10. d4 Nbd7 11. Nbd2 Bb7 12. Bc2 c5 13. d5 Qc7 14. b3 g6 15. Nf1
Nh5 16. Bh6 Rfe8 17. Ng3 Nf4 18. Ne2 Nxe2+ 19. Qxe2 Bf8 1/2-1/2

[Event "Online Olym Div2 C 2021"]
[Site "chess.com INT"]
[Date "2021.09.04"]
[Round "9.2"]
[Board "6"]
[White "Silva, Ana Ines Teixeira Da"]
[Black "Zaritovskaja, Margarita"]
[Result "0-1"]
[WhiteTitle "WCM"]
[WhiteElo "1804"]
[BlackElo "2040"]
[WhiteTeam "Portugal"]
[BlackTeam "Sweden"]
[WhiteFideId "1932543"]
[BlackFideId "14149249"]
[EventDate "2021.09.02"]
[EventType "team"]

1. e4 c5 2. Nc3 Nc6 3. g3 g6 4. Bg2 Bg7 5. d3 d6 6. f4 Nf6 7. Nf3 O-O 8. O-O a6
9. h3 Qc7 10. Be3 b5 11. Qd2 Bb7 12. g4 e6 13. f5 b4 14. Nd1 exf5 15. gxf5 Nd7
16. Bh6 Qd8 17. Bxg7 Kxg7 18. Ne3 Nf6 19. Rf2 Qe7 20. Raf1 Ne5 21. Nh2 Rad8 22.
c3 a5 23. d4 Ned7 24. Neg4 Nxe4 25. Bxe4 Qxe4 26. Qh6+ Kg8 27. Rf3 f6 28. Qh4 h5
29. Nh6+ Kg7 30. Qg3 Qe8 31. Re1 Be4 32. Rxe4 Qxe4 33. Qxg6+ Kh8 34. Nf7+ Rxf7
35. Qxf7 Rg8+ 36. Kf2 Qc2+ 37. Ke3 Qc1+ 38. Ke4 Qe1+ 39. Kd5 Nb6+ 40. Kc6 Qe4+
41. Kxb6 Rb8+ 42. Ka7 Qa8# 0-1

[Event "Online Olym Div2 C 2021"]
[Site "chess.com INT"]
[Date "2021.09.04"]
[Round "9.3"]
[Board "1"]
[White "Ashiku, Franc"]
[Black "Masango, Spencer"]
[Result "0-1"]
[WhiteTitle "IM"]
[WhiteElo "2421"]
[BlackElo "2101"]
[WhiteTeam "Albania"]
[BlackTeam "Zimbabwe"]
[WhiteFideId "4700066"]
[BlackFideId "14300753"]
[EventDate "2021.09.02"]
[EventType "team"]

1. c4 e5 2. g3 Nf6 3. Bg2 d5 4. cxd5 Nxd5 5. Nc3 Nb6 6. e3 Be7 7. Nge2 O-O 8.
O-O Nc6 9. d4 exd4 10. exd4 Bf6 11. d5 Ne5 12. Ne4 Bg4 13. f3 Bf5 14. N2c3 Nec4
15. f4 Re8 16. g4 Bxe4 17. Nxe4 Bxb2 18. Bxb2 Nxb2 19. Qd4 N2c4 20. Rac1 Nd6 21.
Ng3 Qe7 22. Kh1 Rad8 23. g5 g6 24. a4 a5 25. f5 Qxg5 26. Rxc7 Qe3 27. Qg4 Rc8
28. fxg6 fxg6 29. Rxc8 Nbxc8 30. Qh4 Ne7 31. Bh3 Nxd5 32. Bg2 Ne7 33. Qf6 Qd2
34. Qe6+ Kg7 35. Qe5+ Kh6 36. Rf4 Nef5 37. Nxf5+ Nxf5 0-1

[Event "Online Olym Div2 C 2021"]
[Site "chess.com INT"]
[Date "2021.09.04"]
[Round "9.3"]
[Board "2"]
[White "Chigodo, Mukai  Cyril"]
[Black "Pasko, Llambi"]
[Result "0-1"]
[BlackTitle "IM"]
[WhiteElo "1982"]
[BlackElo "2411"]
[WhiteTeam "Zimbabwe"]
[BlackTeam "Albania"]
[WhiteFideId "11005068"]
[BlackFideId "4701178"]
[EventDate "2021.09.02"]
[EventType "team"]

1. Nf3 Nf6 2. d4 d5 3. g3 c6 4. Bg2 Bf5 5. O-O e6 6. Nbd2 h6 7. c4 Be7 8. b3 O-O
9. Bb2 a5 10. Ne5 a4 11. bxa4 Qa5 12. cxd5 cxd5 13. Re1 Nc6 14. e4 dxe4 15. Nxc6
bxc6 16. Nxe4 Nd5 17. Qc1 Rfb8 18. Nc5 Qb4 19. Ba3 Qxd4 20. Rd1 Bxc5 21. Rxd4
Bxd4 22. Bd6 Bxa1 23. Bxb8 Rxb8 24. Bxd5 Rb1 25. Qxb1 Bxb1 26. Bxc6 Bxa2 27. a5
Bc4 28. Bb7 Bd4 29. Kg2 Kf8 30. f3 Ke7 31. h3 Kd6 32. g4 Bd5 33. Bc8 Kc7 34. Ba6
Bc3 35. Bb5 Bxa5 36. Be8 e5 37. Kf2 Kd6 38. Bb5 Bb6+ 39. Kg3 Kc5 40. Bd3 Kd4 41.
Bh7 Ke3 42. Bg8 Ba5 43. Kg2 Be1 44. h4 Bxh4 0-1

[Event "Online Olym Div2 C 2021"]
[Site "chess.com INT"]
[Date "2021.09.04"]
[Round "9.3"]
[Board "3"]
[White "Shabanaj, Eglantina"]
[Black "Charinda, Kudzanayi"]
[Result "1/2-1/2"]
[WhiteTitle "WCM"]
[BlackTitle "WCM"]
[WhiteElo "2014"]
[BlackElo "1728"]
[WhiteTeam "Albania"]
[BlackTeam "Zimbabwe"]
[WhiteFideId "4700562"]
[BlackFideId "11000538"]
[EventDate "2021.09.02"]
[EventType "team"]

1. d4 Nf6 2. c4 e6 3. Nc3 Bb4 4. Nf3 c5 5. a3 cxd4 6. Nxd4 Bxc3+ 7. bxc3 b6 8.
Bg5 O-O 9. e4 d6 10. Bd3 h6 11. Bh4 Bb7 12. Qe2 Nbd7 13. O-O Qc7 14. Rad1 a6 15.
f4 Rfe8 16. Rf3 e5 17. Nf5 exf4 18. Rxf4 d5 19. Bg3 dxe4 20. Bb1 Qc5+ 21. Kh1
Re6 22. Nd4 Re5 23. Rdf1 Rf8 24. Nf5 Kh7 25. Bf2 Qxa3 26. Bd4 Re6 27. Rh4 Ne5
28. Bxe5 Rxe5 29. Nxh6 gxh6 30. Rxf6 Qc1+ 31. Rf1 Qxc3 32. h3 Qd4 33. Qg4 f5 34.
Qf4 Qd6 35. Bc2 Re6 36. Qg5 Ref6 37. Qc1 Qg3 38. Rh5 Qg6 39. Bd1 e3 40. Qc2 Rd8
41. Rhxf5 Rxf5 42. Rxf5 Rxd1+ 43. Kh2 Rd7 44. c5 Rg7 45. g4 bxc5 46. Qd3 h5 47.
Rxh5+ Kg8 48. Qd8+ Kf7 49. Qd7+ Kg8 50. Qd8+ Kf7 51. Qd7+ Kg8 52. Qd8+ 1/2-1/2

[Event "Online Olym Div2 C 2021"]
[Site "chess.com INT"]
[Date "2021.09.04"]
[Round "9.3"]
[Board "4"]
[White "Zengeni, Tatenda Melisa"]
[Black "Shabanaj, Alda"]
[Result "1/2-1/2"]
[BlackTitle "WFM"]
[WhiteElo "1581"]
[BlackElo "1841"]
[WhiteTeam "Zimbabwe"]
[BlackTeam "Albania"]
[WhiteFideId "11001313"]
[BlackFideId "4700597"]
[EventDate "2021.09.02"]
[EventType "team"]

1. d4 Nf6 2. Nf3 d6 3. e3 g6 4. c4 Bg7 5. Bd3 O-O 6. O-O c6 7. Nbd2 Nbd7 8. b4
Qc7 9. Bb2 e5 10. dxe5 dxe5 11. Qc2 b6 12. Rac1 a5 13. a3 axb4 14. axb4 Bb7 15.
Be2 c5 16. b5 Rfe8 17. Rfd1 e4 18. Ng5 h6 19. Nh3 Ne5 20. Nf1 Ra2 21. Ra1 Rxa1
22. Rxa1 Rd8 23. Rd1 Rxd1 24. Qxd1 Nfd7 25. Qa1 f6 26. Nf4 Qb8 27. Ne6 Qa8 28.
Nxg7 Kxg7 29. Qxa8 Bxa8 30. Nd2 Kf7 31. f4 exf3 32. gxf3 g5 33. Kf2 Ng6 34. Bd3
Nde5 35. Bf5 Nh4 36. Bxe5 fxe5 37. Be4 Bxe4 38. Nxe4 Ke6 39. Kg3 Nf5+ 40. Kf2
Ne7 41. Nc3 Kd6 42. e4 Nc8 43. Nd5 Ke6 44. Kg3 Kf7 45. Kg4 Kg6 46. h4 h5+ 47.
Kg3 Kh6 48. hxg5+ Kxg5 49. Kh3 h4 50. Kg2 Kg6 51. Kh3 Kg5 52. Kg2 Kg6 53. Kh3
Kg5 1/2-1/2